00482 2200193 4500001002100000005001500021035002000036008004100056245005800097100002000155250000600175260003600181300001100217084001400228082000800242650001400250990001200264990001200276INLIS00000000000039620240430015957 a0010-0424000372240430 0 ind 1 aSelayang Pandang Kalimantan Selatan /cTammi Prastowo aPrastowo, Tammi a1 aKlaten :bIntan Pariwara,c2008 a60 hlm a900 TAM s a900 4aNon Fiksi a0728631 a0728632